<?xml version="1.0" encoding="UTF-8"?>
<record
    xmlns:xsi="http://www.w3.org/2001/XMLSchema-instance"
    xsi:schemaLocation="http://www.loc.gov/MARC21/slim http://www.loc.gov/standards/marcxml/schema/MARC21slim.xsd"
    xmlns="http://www.loc.gov/MARC21/slim">

  <leader>01188nam a22001337a 4500</leader>
  <datafield tag="245" ind1=" " ind2=" ">
    <subfield code="a">PhD Credit Seminar Report 2021</subfield>
  </datafield>
  <datafield tag="260" ind1=" " ind2=" ">
    <subfield code="a">ollege of Agriculture, Vellayani </subfield>
    <subfield code="b">DEPARTMENT OF FRUIT SCIENCE </subfield>
    <subfield code="b">DEPARTMENT OF VEGETABLE SCIENCE </subfield>
    <subfield code="b">DEPARTMENT OF POST HARVEST TECHNOLOGY</subfield>
    <subfield code="c">2021</subfield>
  </datafield>
  <datafield tag="500" ind1=" " ind2=" ">
    <subfield code="a">DEPARTMENT OF FRUIT SCIENCE  1. ABIOTIC STRESS MANAGEMENT IN FRUIT CROPS DHANYASREE K. (2019-22-024)  2. CRISPR/CAS AND FRUIT CROPS DHANYASREE K. (2019-22-024)  DEPARTMENT OF VEGETABLE SCIENCE   3. VSC 692 STRATEGIES FOR DEVELOPING CLIMATE SMART VEGETABLES FOR ABIOTIC STRESS RESISTANCE MINNU ANN JOSE (2019-22-019)  4. MALE STERILITY: A TOOL FOR HYBRID PRODUCTION IN VEGETABLES MINNU ANN JOSE (2019-22-019)  DEPARTMENT OF POST HARVEST TECHNOLOGY  5. PULSED ELECTRIC FIELD: NOVEL APPROACH IN FOOD PRESERVATION ARCHANA A.&#x39A;. (2019-22-021)  6. 3D FOOD PRINTING: MEAL OF THE FUTURE ARCHANA A.&#x39A;. (2019-22-021)  7. ALOE VERA: THE MIRACLE PLANT FOR FOOD INDUSTRY SWATHI B. S (2019-22-022)  8. FRUIT AND VEGETABLE POWDERS FOR CONVENIENCE AND QUALITY SWATHI B. S (2019-22-022) </subfield>
  </datafield>
  <datafield tag="700" ind1=" " ind2=" ">
    <subfield code="a">DHANYASREE K.</subfield>
  </datafield>
  <datafield tag="700" ind1=" " ind2=" ">
    <subfield code="a">MINNU ANN JOSE</subfield>
  </datafield>
  <datafield tag="700" ind1=" " ind2=" ">
    <subfield code="a">ARCHANA A.&#x39A;.</subfield>
  </datafield>
  <datafield tag="700" ind1=" " ind2=" ">
    <subfield code="a">SWATHI B. S</subfield>
  </datafield>
  <datafield tag="942" ind1=" " ind2=" ">
    <subfield code="c">CR</subfield>
  </datafield>
  <datafield tag="999" ind1=" " ind2=" ">
    <subfield code="c">373731</subfield>
    <subfield code="d">373731</subfield>
  </datafield>
  <datafield tag="952" ind1=" " ind2=" ">
    <subfield code="0">0</subfield>
    <subfield code="1">0</subfield>
    <subfield code="4">0</subfield>
    <subfield code="7">1</subfield>
    <subfield code="8">RES</subfield>
    <subfield code="a">KAUCOAV</subfield>
    <subfield code="b">KAUCOAV</subfield>
    <subfield code="d">2025-03-28</subfield>
    <subfield code="l">0</subfield>
    <subfield code="o">PHD/CR 2021</subfield>
    <subfield code="p">KAU_COAV-F2619</subfield>
    <subfield code="r">2025-03-28 00:00:00</subfield>
    <subfield code="w">2025-03-28</subfield>
    <subfield code="y">CR</subfield>
  </datafield>
</record>
